Langman. Embriología Médica.

Saved in:
Bibliographic Details
Main Author: Sadler, Thomas W. (autor)
Format: Unknown
Published: Barcelona, España: Wolters Kluwer, 2023.
Edition:15.ª edición.
Subjects:
Tags: Add Tag
No Tags, Be the first to tag this record!

MARC

LEADER 00000 a2200000 4500
003 CL-VaPUC
005 20231116150533.0
008 231108t2023 ||||| |||| 00| 0 eng d
999 |c 442096  |d 442094 
020 |a 9788416353484 
040 |c Pontificia Universidad Católica de Valparaíso 
082 7 |a 612.64 SAD 2023  |2 22 
100 |a Sadler, Thomas W.  |9 885182  |e autor 
245 |a Langman.   |b Embriología Médica. 
250 |a 15.ª edición.  
260 |a Barcelona, España:  |b Wolters Kluwer,   |c 2023. 
300 |a xxii, 434 páginas :  |b ilustraciones.  
583 |k GC  |c 20231108 
650 0 |a Embriología humana  |9 310846 
650 0 |a Desarrollo embrionario  |9 343783 
942 |2 ddc  |c BK 
952 |0 0  |1 0  |2 ddc  |4 0  |6 612_640000000000000_SAD_2023  |7 0  |8 A  |9 592335  |a BIBCUR  |b BIBCUR  |c GEN  |d 2023-11-08  |e 3  |g 70001.00  |i 5659361  |l 7  |m 2  |o 612.64 SAD 2023  |p 5659361  |r 2025-04-22  |s 2025-03-19  |t 2  |v 70001.00  |w 2023-11-08  |y BK  |k BIO 
952 |0 0  |1 0  |2 ddc  |4 0  |6 612_640000000000000_SAD_2023  |7 0  |8 A  |9 592336  |a BIBCUR  |b BIBCUR  |c GEN  |d 2023-11-08  |e 3  |g 70001.00  |i 5659360  |l 8  |m 2  |o 612.64 SAD 2023  |p 5659360  |r 2025-04-22  |s 2025-04-09  |t 1  |v 70001.00  |w 2023-11-08  |y BK  |k BIO